The separable Galois theory of commutative rings /

Guardado en:
Autor Principal: Magid, Andy R.
Formato: Libro
Idioma:English
Publicado: New York : M. Dekker, 1974.
Series:Pure and applied mathematics ; 27
Materias:
Etiquetas: Agregar Etiqueta
Sin Etiquetas, Sea el primero en etiquetar este registro!
LEADER 00738nam a2200241 a 4500
001 MAT.inmabb002909
008 740905s1974####nyu######b####001#0#eng##
005 20130408174754.0
245 1 4 |a The separable Galois theory of commutative rings /  |c Andy R. Magid. 
260 |a New York :  |b M. Dekker,  |c 1974. 
300 |a xvii, 134 p. ;  |c 24 cm. 
490 0 |a Pure and applied mathematics ;  |v 27 
504 |a Bibliografía: p. 131. 
510 4 |a MR,  |c 50 #4563 
020 |a 0824761634  |z 0824761434 
100 1 |a Magid, Andy R. 
650 0 |a Commutative rings. 
650 0 |a Commutative algebra. 
650 0 |a Galois theory. 
084 |a 13B05  |2 msc2000 
010 |a  74080286  
040 |a DLC  |c DLC  |d DLC 
859 |h 13  |i M194  |p A-4950  |b BIB. MATEMATICA